[Event "Mercosur Cup"]
[Site "Villa Martelli ARG"]
[Date "2008.08.06"]
[Round "10"]
[White "Mareco,S"]
[Black "Real de Azua,E"]
[Result "1-0"]
[WhiteElo "2477"]
[BlackElo "2429"]

1.c4 c6 2.e4 d5 3.exd5 cxd5 4.d4 Nf6 5.Nc3 Nc6 6.Bg5 e6 7.Nf3 Be7 8.c5 O-O
9.Bb5 Ne4 10.Bxe7 Nxe7 11.Rc1 Ng6 12.O-O Bd7 13.Bd3 f5 14.Ne2 Qc7 15.Ne1 Kh8
16.b4 Rad8 17.a4 e5 18.Bc2 Nf6 19.dxe5 Nxe5 20.h3 Nc4 21.Qd4 Ne4 22.Nd3 f4
23.Ndxf4 Rxf4 24.Nxf4 Qxf4 25.Bxe4 Nd2 26.Qxd5 Nxe4 27.Rc4 Qd2 28.Qxe4 Bc6
29.Qf4 Qd5 30.f3 Bxa4 31.Re1 Bc6 32.Rce4 h6 33.Re7  1-0

[Event "83rd ch-ARG"]
[Site "La Plata ARG"]
[Date "2008.08.07"]
[Round "8"]
[White "Ricardi,P"]
[Black "Peralta,Fe"]
[Result "1/2-1/2"]
[WhiteElo "2515"]
[BlackElo "2558"]

1.c4 c6 2.e4 d5 3.exd5 Nf6 4.d4 cxd5 5.Nc3 e6 6.Nf3 Bb4 7.cxd5 Nxd5 8.Qc2 Nc6
9.Bd3 Ba5 10.a3 h6 11.O-O O-O 12.Bh7+ Kh8 13.Be4 Nce7 14.Ne5 Nf6 15.Rd1 Nxe4
16.Qxe4 f6 17.Nd3 Bxc3 18.bxc3 Qd5 19.Qh4 Ng6 20.Qg3 Qf5 21.c4 b6 22.Nf4 Nxf4
23.Bxf4 Ba6 24.Bd6 Rfc8 25.c5 Bc4 26.h3 Bd5 27.a4 Rc6 28.Ra3 Rg8 29.Re1 Rd8
30.Qh2 Rd7 31.Rae3 bxc5 32.dxc5 Ra6 33.Ra3 Rb7 34.Qg3 Rc6 35.a5  1/2-1/2

[Event "XVII TCh-MKD"]
[Site "Struga MKD"]
[Date "2008.08.08"]
[Round "5"]
[White "Dancevski,O"]
[Black "Filev,G"]
[Result "1/2-1/2"]
[WhiteElo "2441"]
[BlackElo "2395"]

1.c4 c6 2.e4 d5 3.exd5 cxd5 4.d4 Nf6 5.Nc3 Nc6 6.Bg5 e6 7.cxd5 exd5 8.Bb5 Be7
9.Nge2 O-O 10.O-O h6 11.Bh4 Bf5 12.Bxc6 bxc6 13.Rc1 Rc8 14.Na4 Qa5 15.Re1 Bb4
16.Nec3 Ne4 17.a3 Nxc3 18.Nxc3 Bd6 19.Bg3 Bxg3 20.hxg3 Rfe8 21.Qd2 Qa6 22.Na2 Rxe1+
23.Qxe1 Qb6 24.Qb4 Bd3 25.b3 Bf5 26.Qc3 a5 27.b4 axb4 28.Nxb4 Bd7 29.Nd3 Rb8
30.Nc5 Bf5 31.a4 Ra8 32.Ra1 Qa5 33.Qxa5 Rxa5 34.Nb3 Ra7 35.a5 Kf8 36.Nc5 Ke7
37.f3 Kd8 38.Kf2 Kc7 39.g4 Bc8 40.Ke3 Kd6 41.Kd2 Ba6 42.Kc3 Ra8 43.Rb1 Bb5
44.Ra1 Ba6 45.Re1 Bc4 46.f4 Rb8 47.g5 hxg5 48.fxg5 g6 49.Ra1  1/2-1/2

[Event "Najdorf Memorial Open"]
[Site "Warsaw POL"]
[Date "2008.08.08"]
[Round "7"]
[White "Gasik,P"]
[Black "Paprocki,J"]
[Result "1/2-1/2"]
[WhiteElo "2105"]
[BlackElo "2218"]

1.c4 c6 2.e4 d5 3.exd5 cxd5 4.d4 Nf6 5.Nc3 Nc6 6.Nf3 Bg4 7.Be3 e6 8.c5 Be7
9.Be2 O-O 10.O-O Ne4 11.Rc1 f5 12.Ne5 Nxe5 13.dxe5 Nxc3 14.Rxc3 d4 15.Rd3 Bxe2
16.Qxe2 Bxc5 17.Bxd4 Bxd4 18.Rfd1 Bxf2+ 19.Qxf2 Qa5 20.Rd7 Rad8 21.Qd4 Rxd7
22.Qxd7 Qxe5 23.Qxb7 a5 24.Qe7 h6 25.h3 f4 26.Rd8 Qe3+ 27.Kh2 Rxd8 28.Qxd8+ Kh7
29.Qxa5 f3 30.gxf3 Qf2+ 31.Kh1 Qxf3+ 32.Kg1 Qg3+ 33.Kf1 Qxh3+ 34.Ke1 Qh1+
35.Kd2 h5 36.b4 Qg2+ 37.Ke3 Qg3+ 38.Kd4 Kg6 39.Qa8 Qf2+ 40.Kc4 h4 41.Qe4+ Kf6
42.b5 Qxa2+ 43.Kc5 Qd5+ 44.Qxd5 exd5 45.b6 h3 46.b7 h2 47.b8=Q h1=Q 48.Qf4+ Kg6
49.Qg4+ Kf6 50.Qf4+ Kg6 51.Qg4+ Kh6 52.Qf4+ Kh7 53.Qf5+ g6 54.Qf7+ Kh6 55.Qf8+ Kg5
56.Qe7+ Kf5 57.Qf7+ Kg5 58.Qe7+ Kg4 59.Qd7+ Kg5 60.Qe7+ Kg4 61.Qd7+ Kf4 62.Qf7+ Ke5
63.Qg7+ Kf5 64.Qf7+ Ke5 65.Qg7+ Kf4 66.Qxg6 Qe4 67.Qh6+  1/2-1/2

[Event "IV RC Sport Open"]
[Site "Ceska Trebova CZE"]
[Date "2008.08.10"]
[Round "4"]
[White "Semcesen,D"]
[Black "Cerveny,M"]
[Result "1-0"]
[WhiteElo "2387"]
[BlackElo "2285"]

1.c4 c6 2.e4 d5 3.exd5 cxd5 4.cxd5 Qxd5 5.Nc3 Qd8 6.d4 Nf6 7.Nf3 e6 8.Bc4 a6
9.a4 Nc6 10.O-O Be7 11.Bg5 O-O 12.Qd2 Bd7 13.Rad1 Nb4 14.Ne5 Rc8 15.Rfe1 Nbd5
16.Bb3 Bc6 17.Qd3 Nb4 18.Qg3 Bd5 19.Nxd5 Nfxd5 20.Bh6 Bf6 21.Re4 Kh8 22.Rg4 Rc7
23.Rxg7 Rg8 24.Rxg8+ Qxg8 25.Qxg8+ Kxg8 26.Kf1 Bd8 27.Ke2 f6 28.Nf3 Rd7 29.Rc1 Nc6
30.Be3 Bb6 31.Bc4 Ncb4 32.Nd2 Kf7 33.Nb3 Ke7 34.g4 Kd6 35.h3 Nc6 36.Bd3 Rf7
37.Nc5 f5 38.gxf5 exf5 39.Bc4 Rg7 40.Kf3 h5 41.h4 Ba7 42.Bb3 Bb6 43.Rc2 Ba7
44.Nd3 Nxd4+ 45.Bxd4 Bxd4 46.Bxd5 Kxd5 47.Nf4+ Ke5 48.Re2+ Kd6 49.Rd2 Rg4
50.Rxd4+  1-0

[Event "Arctic Chess Challenge"]
[Site "Tromso NOR"]
[Date "2008.08.10"]
[Round "9"]
[White "Simutowe,A"]
[Black "Hanssen,G"]
[Result "1-0"]
[WhiteElo "2459"]
[BlackElo "2232"]

1.c4 c6 2.d4 d5 3.Nc3 Nf6 4.e3 e6 5.h3 Nbd7 6.cxd5 exd5 7.g4 Bd6 8.Bg2 Qe7
9.Nge2 Ng8 10.f4 f5 11.g5 h6 12.h4 Qf7 13.Bd2 Ne7 14.Qc2 Nb6 15.b3 Be6 16.a4 a6
17.a5 Nd7 18.Na4 hxg5 19.fxg5 Qh5 20.Nf4 Bxf4 21.exf4 Ng6 22.Kf2 Nxh4 23.Rh2 O-O-O
24.Rah1 Qg4 25.Qc3 Nxg2 26.Rxh8 Nxf4 27.Qf3 Qxf3+ 28.Kxf3 Ng6 29.Rxd8+ Kxd8
30.Rh7 Bf7 31.Rxg7 Ke7 32.Bb4+ Ke6 33.Bd2 Nh4+ 34.Kg3 Ng6 35.Rh7 Ndf8 36.Nc5+  1-0

[Event "VII Open"]
[Site "Ortigueira ESP"]
[Date "2008.08.11"]
[Round "2"]
[White "Alvarez Gonzalo,M"]
[Black "Milchev,N"]
[Result "0-1"]
[WhiteElo "1928"]
[BlackElo "2356"]

1.c4 c6 2.e4 d6 3.d4 Nf6 4.Nc3 g6 5.g3 Bg7 6.Bg2 O-O 7.Nge2 e5 8.O-O Nbd7
9.d5 cxd5 10.Nxd5 Nxd5 11.cxd5 f5 12.f3 Qb6+ 13.Kh1 Nc5 14.Rb1 a5 15.Be3 Bd7
16.Nc3 f4 17.Bg1 fxg3 18.hxg3 Bh6 19.b3 Qb4 20.Qc2 Rac8 21.a3 Qxa3 22.Qa2 Qb4
23.Bxc5 Rxc5 24.Na4 Rc7 25.Qf2 Bb5 26.Rfd1 Rfc8 27.Qb6 Be2 28.Re1 Bd3 29.Qxb4 axb4
30.Ra1 b5 31.Nb6 Rb8 32.Ra8 Rxa8 33.Nxa8 Rc3 34.Nb6 Rxb3 35.Nc8 Rc3 36.Nxd6 b3  0-1

[Event "Alan Benson IM"]
[Site "San Francisco USA"]
[Date "2008.08.11"]
[Round "1"]
[White "Lobo,Ri1"]
[Black "Evans,Be"]
[Result "1-0"]
[WhiteElo "2261"]
[BlackElo "2279"]

1.c4 c6 2.Nf3 d5 3.e3 Nf6 4.Nc3 a6 5.d4 b5 6.b3 Bg4 7.Be2 e6 8.O-O Nbd7 9.h3 Bh5
10.Bb2 Bd6 11.cxd5 cxd5 12.Rc1 Qb8 13.Nd2 Bxe2 14.Qxe2 b4 15.Na4 Qb5 16.Qd1 Ke7
17.Nf3 Rhc8 18.Ne5 Rxc1 19.Qxc1 Bxe5 20.dxe5 Ne4 21.Bd4 Qb7 22.Qe1 f6 23.f3 fxe5
24.fxe4 exd4 25.Qh4+ Kd6 26.e5+ Nxe5 27.exd4 Ng6 28.Qxh7 Nf8 29.Qh5 Rc8 30.Nc5 Qe7
31.Rf7 Qe8 32.Qe5+ Kc6 33.Rxf8  1-0

[Event "2nd FIDE GP"]
[Site "Sochi RUS"]
[Date "2008.08.11"]
[Round "10"]
[White "Grischuk,A"]
[Black "Wang Yue"]
[Result "1/2-1/2"]
[WhiteElo "2728"]
[BlackElo "2704"]

1.c4 c6 2.e4 d5 3.exd5 cxd5 4.d4 Nf6 5.Nc3 Nc6 6.Bg5 dxc4 7.Nf3 h6 8.Bxf6 exf6
9.Bxc4 Bd6 10.O-O O-O 11.h3 Bf5 12.Re1 a6 13.Bd3 Qd7 14.Bxf5 Qxf5 15.Qb3 Bb4
16.Rec1 Bxc3 17.bxc3 b5 18.a4 Na5 19.Qa2 Rfc8 20.d5 Rc4 21.axb5 axb5 22.Nd4 Qd7
23.Rab1 Ra4 24.Qc2 Nc4 25.Nxb5 R4a5 26.Qe2 Rxb5 27.Qxc4 Rxd5 28.Qf4 Rc8 29.Rb8 Rc5
30.Rxc8+ Qxc8 31.c4 h5 32.Qe4 g6 33.h4 Kg7 34.g3 Qc7  1/2-1/2

[Event "Open"]
[Site "Stare Mesto CZE"]
[Date "2008.08.12"]
[Round "6"]
[White "Golcman,E"]
[Black "Mouryc,T"]
[Result "1-0"]
[WhiteElo "2255"]
[BlackElo "2068"]

1.c4 c6 2.Nc3 Nf6 3.e4 e5 4.Nf3 d6 5.d4 Nbd7 6.Be2 Be7 7.O-O O-O 8.h3 Re8
9.Be3 Qc7 10.Re1 b6 11.Bf1 Bb7 12.Rc1 Rac8 13.g3 Qb8 14.Bg2 a6 15.b4 c5 16.bxc5 bxc5
17.d5 Qc7 18.Nd2 Rb8 19.Rb1 Nb6 20.Qb3 Ba8 21.Qa3 Qa7 22.Rb3 Rb7 23.Reb1 Reb8
24.Bf3 Nbd7 25.Qc1 Rxb3 26.axb3 Qc7 27.Qa3 Bb7 28.Na2 Qc8 29.Kg2 Bd8 30.Be2 a5
31.Nc3 Ra8 32.Ra1 Nb8 33.f4 Nfd7 34.Bg4 Bf6 35.Rc1 Qd8 36.Nb5 Qb6 37.Rf1 Ba6
38.Qa4 Bxb5 39.cxb5 Qd8 40.Nc4 Nb6 41.Nxb6 Qxb6 42.b4 Ra7 43.bxc5 dxc5 44.Rc1 Rc7
45.Qc4 Nd7 46.Bxd7 Rxd7 47.Qxc5 Qb8 48.b6 Be7 49.Qc8+  1-0

[Event "IV RC Sport Open"]
[Site "Ceska Trebova CZE"]
[Date "2008.08.13"]
[Round "7"]
[White "Cvek,R"]
[Black "Semcesen,D"]
[Result "1-0"]
[WhiteElo "2532"]
[BlackElo "2387"]

1.c4 c6 2.Nf3 d5 3.e3 Nf6 4.d4 a6 5.Bd3 dxc4 6.Bxc4 e6 7.O-O c5 8.Qe2 b5
9.Bb3 Bb7 10.a4 Nbd7 11.Rd1 Qb6 12.axb5 axb5 13.Rxa8+ Bxa8 14.Nc3 b4 15.Na4 Qa5
16.e4 cxd4 17.Nxd4 Be7 18.f3 O-O 19.Be3 Nc5 20.Nxc5 Bxc5 21.Rc1 Bb6 22.Qf2 Rb8
23.Ne2 Bxe3 24.Qxe3 h6 25.Qc5 Qxc5+ 26.Rxc5 Nd7 27.Ra5 Rc8 28.Rb5 Rb8 29.Rxb8+ Nxb8
30.Nd4 Nc6 31.Nxc6 Bxc6 32.e5 g5 33.Kf2 h5 34.g3 Kg7 35.h4 gxh4 36.gxh4 Bd5
37.Bxd5 exd5 38.Ke3 Kg6 39.Kd4 Kf5 40.Kxd5 Kf4 41.Kd6 Kxf3 42.Ke7 Ke4 43.Kxf7 Kxe5
44.Kg6  1-0

[Event "Acropolis Open"]
[Site "Athens GRE"]
[Date "2008.08.14"]
[Round "6"]
[White "Rakhmanov,Ale"]
[Black "Rasmussen,A"]
[Result "1/2-1/2"]
[WhiteElo "2489"]
[BlackElo "2519"]

1.c4 c6 2.d4 d5 3.e3 Nf6 4.Nc3 e6 5.cxd5 exd5 6.Bd3 Bd6 7.Nge2 O-O 8.f3 Re8
9.O-O a6 10.Qe1 c5 11.Qh4 h6 12.Bd2 Nc6 13.Rac1 b6 14.Kh1 Ra7 15.g4 Be7 16.Qf2 Rc7
17.Ng3 Bf8 18.Kg2 g6 19.h4 Bg7 20.Nce2 Qd6 21.Rh1 Rce7 22.h5 gxh5 23.Nxh5 Nxh5
24.Rxh5 cxd4 25.Nxd4 Nxd4 26.exd4 Bd7 27.Rhh1 Qf6 28.b3 Bb5 29.Bxb5 axb5
30.Rhe1 Rxe1 31.Rxe1 Rxe1 32.Qxe1 Qxd4 33.Be3 Qe5 34.Qd2 d4 35.Bxh6 Bxh6
36.Qxh6 d3 37.Qd2 Qd4 38.f4 b4 39.Kf3 Kg7 40.f5 f6 41.Qh2 d2  1/2-1/2

[Event "WCh-Junior Girls"]
[Site "Gaziantep TUR"]
[Date "2008.08.14"]
[Round "12"]
[White "Acar,G"]
[Black "Garcia,Li"]
[Result "1-0"]
[WhiteElo "1931"]
[BlackElo "1792"]

1.c4 c6 2.g3 Nf6 3.Bg2 d5 4.cxd5 cxd5 5.Nf3 Nc6 6.d4 Bf5 7.O-O e6 8.a3 Be7
9.b4 Ne4 10.Bb2 O-O 11.Nbd2 Nxd2 12.Qxd2 h6 13.Rac1 Qb6 14.Ne5 Rfc8 15.Nd7 Qd8
16.Nc5 b6 17.Nd3 Qd7 18.h3 Rc7 19.b5 Na5 20.Ne5 Qc8 21.Rxc7 Qxc7 22.Rc1 Qb7
23.Qc3 f6 24.Nc6 Nc4 25.g4 Bg6 26.Nb4 Bxb4 27.Qxb4 a6 28.Rxc4 Rc8 29.bxa6 Qxa6
30.Rxc8+ Qxc8 31.Qxb6 Qc2 32.Bf1 h5 33.f3 Qd2 34.Qxe6+ Bf7 35.Qc8+ Kh7 36.Qc1 Qa5
37.Qc3 Qd8 38.e4  1-0

[Event "35th Open"]
[Site "Manresa ESP"]
[Date "2008.08.14"]
[Round "3"]
[White "Fernandez Madrid,C"]
[Black "Sundararajan,K"]
[Result "0-1"]
[WhiteElo "2179"]
[BlackElo "2446"]

1.c4 c6 2.g3 d5 3.d4 Nf6 4.Nf3 dxc4 5.Bg2 g6 6.O-O Bg7 7.Na3 O-O 8.Nxc4 Be6
9.b3 Na6 10.Ba3 Ne4 11.Rc1 Re8 12.Nfe5 Nd6 13.Nxd6 exd6 14.Nc4 d5 15.Ne3 Qa5
16.Bb2 Qxa2 17.Bc3 Qa3 18.f4 Qe7 19.f5 Bd7 20.Rf3 Nc7 21.Qf1 gxf5 22.Nxf5 Bxf5
23.Rxf5 Nb5 24.Kh1 Qxe2 25.Rxf7 Qxf1+ 26.Rfxf1 Rf8 27.Bb4 Rxf1+ 28.Rxf1 Nxd4
29.Bh3 Re8 30.Bc5 Nxb3 31.Bxa7 Bd4 32.Rb1 Nd2 33.Rd1 Bxa7 34.Rxd2 Kf7 35.Rb2 Re7
36.Bf5 Kf6 37.g4 Bd4 38.Rb4 Bc5 39.Rb3 h5 40.Bc8 hxg4 41.Bxb7 Re1+  0-1

[Event "GM"]
[Site "Panevezys LTU"]
[Date "2008.08.14"]
[Round "4"]
[White "Sarakauskas,G"]
[Black "Simutowe,A"]
[Result "1/2-1/2"]
[WhiteElo "2449"]
[BlackElo "2459"]

1.c4 c6 2.d4 d5 3.cxd5 cxd5 4.Nc3 Nf6 5.Bf4 Nc6 6.e3 Bf5 7.Nf3 e6 8.Bb5 Nd7
9.O-O Be7 10.Qb3 g5 11.Be5 Rg8 12.Nd2 a6 13.Bxc6 bxc6 14.e4 Bg6 15.Bg3 h5  1/2-1/2

[Event "Open A"]
[Site "Vladimir RUS"]
[Date "2008.08.14"]
[Round "3"]
[White "Anoshkin,A1"]
[Black "Ivanov,Ol UKR"]
[Result "1/2-1/2"]
[WhiteElo "2362"]
[BlackElo "2467"]

1.c4 c6 2.b3 d5 3.e3 Bf5 4.Nf3 e6 5.Bb2 Nd7 6.Be2 h6 7.d4 Ngf6 8.Nbd2 Be7
9.h3 Ne4 10.Nxe4 Bxe4 11.O-O O-O 12.Nd2 Bh7 13.f4 c5 14.cxd5 exd5 15.Nf3 Nf6
16.dxc5 Bxc5 17.Nd4 Re8 18.Rf3 Be4 19.Rf1 Bh7 20.Rf3 Be4 21.Rf1  1/2-1/2

[Event "Open"]
[Site "Stare Mesto CZE"]
[Date "2008.08.15"]
[Round "9"]
[White "Horsak,J"]
[Black "Dauth,B"]
[Result "0-1"]
[WhiteElo "2064"]
[BlackElo "2269"]

1.c4 c6 2.d4 d5 3.e3 Nf6 4.Nf3 e6 5.Nbd2 Nbd7 6.Bd3 Bd6 7.b3 O-O 8.Bb2 Re8
9.Qc2 h6 10.Ne5 Qa5 11.Bc3 Bb4 12.Bxb4 Qxb4 13.a3 Qd6 14.c5 Qc7 15.Ndf3 Nxe5
16.Nxe5 Nd7 17.f4 Nf8 18.O-O f6 19.Nf3 Bd7 20.b4 a5 21.Qb3 b5 22.Qc3 Ra7
23.Nd2 axb4 24.axb4 Rxa1 25.Rxa1 e5 26.g3 exf4 27.exf4 Bg4 28.Kf2 Qf7 29.Nf1 Qe6
30.Re1 Qd7 31.Ne3 Ra8 32.Ra1 Re8 33.Ra6 Bh5 34.Qd2 Qc8 35.Rb6 Qa8 36.Qb2 Nd7
37.Nxd5 cxd5 38.Rd6 Qa4 39.Bc2 Re2+  0-1

[Event "ch-PAR Playoff"]
[Site "Asuncion/Ciudad del Este PAR"]
[Date "2008.08.16"]
[Round "1"]
[White "Patriarca,L"]
[Black "Butti,E"]
[Result "1/2-1/2"]
[WhiteElo "2318"]
[BlackElo "2093"]

1.c4 c6 2.b3 e5 3.Bb2 f6 4.e3 d5 5.Nf3 Nh6 6.d4 e4 7.Nfd2 Nf7 8.Nc3 f5 9.h4 Be6
10.Qc1 Be7 11.g3 a6 12.c5 Nd7 13.Na4 Nh6 14.Be2 Ng4 15.Nb1 O-O 16.Nbc3 h6  1/2-1/2

[Event "GM"]
[Site "Panevezys LTU"]
[Date "2008.08.16"]
[Round "7"]
[White "Malakhatko,V"]
[Black "Luch,M"]
[Result "1-0"]
[WhiteElo "2612"]
[BlackElo "2412"]

1.c4 c6 2.Nf3 d5 3.e3 Nf6 4.Nc3 e6 5.Qc2 Nbd7 6.b3 Bd6 7.Bb2 O-O 8.h3 Qe7
9.Be2 a6 10.d4 b5 11.O-O Bb7 12.Rad1 Rac8 13.e4 dxe4 14.Nxe4 Nxe4 15.Qxe4 Nf6
16.Qh4 Nd7 17.Qe4 Nf6 18.Qb1 h6 19.c5 Bc7 20.a3 Nd5 21.Bd3 Nf4 22.Bc2 Rcd8
23.Rfe1 Rd5 24.Qc1 Rfd8 25.Qe3 Nh5 26.Ne5 Nf6 27.f4 Bxe5 28.fxe5 Nh7 29.Bc3 Qg5
30.Qf3 R5d7 31.Re4 Qe7 32.Qe2 Kh8 33.Rf1 Qf8 34.Ref4 Qg8 35.Kh2 Re7 36.Qf2 Bc8
37.Rxf7 Rxf7 38.Qxf7 Qxf7 39.Rxf7 Rd7 40.Rf2 Kg8 41.a4 Bb7 42.Rf1 Ng5 43.h4 Nf7
44.Rf4 Kf8 45.Bg6 Bc8 46.d5 cxd5 47.c6 Ra7 48.Bb4+  1-0

[Event "Open"]
[Site "Ptuj SLO"]
[Date "2008.08.16"]
[Round "9"]
[White "Hiti,D"]
[Black "Drnovsek,N"]
[Result "1/2-1/2"]
[WhiteElo "1804"]
[BlackElo "2096"]

1.c4 c6 2.d4 d5 3.Nf3 Nf6 4.Nc3 dxc4 5.a4 Bf5 6.e3 e6 7.Bxc4 Bb4 8.O-O O-O
9.Bd2 Bg6 10.Ne5 Nbd7 11.Nxg6 hxg6 12.Ne2 Bd6 13.Ng3 Qe7 14.Qc2 Kh8 15.Ne4 Nxe4
16.Qxe4 e5 17.dxe5 Nxe5 18.Bc3 f5 19.Qd4 Rad8 20.f4 Ng4 21.Rf3 Kh7 22.Rh3+ Nh6
23.Ba2  1/2-1/2

[Event "Alan Benson IM"]
[Site "San Francisco USA"]
[Date "2008.08.16"]
[Round "6"]
[White "Grefe,J"]
[Black "Evans,Be"]
[Result "1-0"]
[WhiteElo "2369"]
[BlackElo "2279"]

1.c4 c6 2.b3 d5 3.Bb2 Nf6 4.Nf3 a6 5.g3 b5 6.Bg2 e6 7.O-O Be7 8.d4 Nbd7 9.Nbd2 O-O
10.Qc2 Rb8 11.e4 bxc4 12.bxc4 Nxe4 13.Nxe4 dxe4 14.Nd2 f5 15.Rfe1 Bf6 16.Nb3 c5
17.f3 cxd4 18.fxe4 Qb6 19.e5 Nxe5 20.c5 Qb4 21.Rad1 d3 22.Qc1 d2 23.Qxd2 Qxd2
24.Rxd2 Nc4 25.Bxf6 gxf6 26.Rd4 Ne5 27.c6 Rf7 28.Rd8+ Kg7 29.Nd4 Rb4 30.Nxf5+ exf5
31.Rxc8 Re7 32.Rc1 Rc4 33.Rxc4 Nxc4 34.Bf1 Ne3 35.Bxa6 Nd5 36.Bc4 Nb6 37.Rg8+ Kh6
38.Bb5 Re5 39.a4 Rc5 40.Rb8 Nd5 41.Re8 Nc7 42.Rg8 Nd5 43.h3 Ne7 44.Re8 Nd5
45.Kf2 Kg6 46.Rd8 f4 47.Bd3+ Kf7 48.Rxd5 fxg3+ 49.Kxg3 Rxc6  1-0

[Event "23rd Open"]
[Site "Schwarzach AUT"]
[Date "2008.08.16"]
[Round "1"]
[White "Franciskovic,B"]
[Black "Christen,Pi"]
[Result "1-0"]
[WhiteElo "2251"]
[BlackElo "2054"]

1.c4 c6 2.e4 d5 3.cxd5 cxd5 4.exd5 Nf6 5.Nc3 Nxd5 6.Nf3 Nc6 7.Bb5 a6 8.Bxc6+ bxc6
9.Qa4 Qd6 10.O-O e6 11.Ne4 Qc7 12.d4 Bb7 13.Bd2 Be7 14.Rac1 f6 15.Ne1 Nf4
16.Qc4 Kf7 17.Bxf4 Qxf4 18.Nc5 Bxc5 19.Qxc5 Rhd8 20.Nf3 Rd5 21.Qa3 Rad8 22.Rfe1 g5
23.Qb3 R8d7 24.Rc5 g4 25.Rxd5 exd5 26.Nh4 Qd2 27.Rf1 Qg5 28.g3 Re7 29.Ng2 Kg7
30.Qc2 Qg6 31.Qc5 Qe8 32.Qd6 Re6 33.Qc7+ Re7 34.Qb6 Bc8 35.Rc1 Rb7 36.Qxc6 Qxc6
37.Rxc6 Rxb2 38.Ne3 Bb7 39.Rc7+ Kg6 40.Nxg4 a5 41.Ne3 a4 42.a3 Rb3 43.Kg2 Ba6
44.Ra7 Bb5 45.Kh3 Rxa3 46.Nxd5 Ra1 47.Nc3 Bf1+ 48.Kh4 a3 49.d5 Rc1 50.Rxa3 Rc2
51.Ne4 Rc4 52.f3 f5 53.Ra6+ Kf7 54.Rf6+ Ke8 55.Rxf5 Rd4 56.Re5+ Kf7 57.f4 Bg2
58.Ng5+ Kg6 59.Re6+ Kg7 60.d6  1-0

[Event "8th Savaria Summer GM"]
[Site "Szombathely HUN"]
[Date "2008.08.17"]
[Round "4"]
[White "Czebe,A"]
[Black "Farkas,Ga1"]
[Result "1-0"]
[WhiteElo "2480"]
[BlackElo "2290"]

1.c4 c6 2.e4 d5 3.cxd5 cxd5 4.exd5 Nf6 5.Bb5+ Bd7 6.Bc4 b5 7.Bb3 Bg4 8.Nf3 Nxd5
9.Nc3 Nxc3 10.bxc3 e6 11.h3 Bh5 12.Qe2 Bxf3 13.Qxf3 Nd7 14.d4 Rc8 15.O-O Bd6
16.a4 bxa4 17.Rxa4 Bb8 18.Ba3 Qc7 19.Re1 Nb6 20.d5 Qh2+ 21.Kf1 Bd6 22.dxe6 O-O
23.exf7+ Kh8 24.Rh4 Qe5 25.Rh5  1-0

[Event "Jessie Gilbert Celebration Int"]
[Site "Coulsdon ENG"]
[Date "2008.08.18"]
[Round "3"]
[White "Chapman,T"]
[Black "Calvert,D"]
[Result "1/2-1/2"]
[WhiteElo "2262"]
[BlackElo "2054"]

1.c4 c6 2.Nf3 d5 3.cxd5 cxd5 4.d4 Nf6 5.Nc3 Nc6 6.Bf4 Bf5 7.Qb3 Na5 8.Qa4+ Bd7
9.Qc2 Rc8 10.e3 b5 11.a3 e6 12.Bd3 Be7 13.O-O O-O 14.Ne5 Nc4 15.Rfc1 a6 16.Qe2 Qb6
17.Bg5 Bc6 18.a4 Qb7 19.b3 Nxe5 20.dxe5 Ne4 21.Bxe7 Qxe7 22.axb5 Nxc3 23.Rxc3 Bxb5
24.Rxc8 Rxc8 25.Bxb5 axb5 26.Qxb5 Qc7 27.Qa6 g6 28.Rb1 Qc2 29.Qa1 Qd2 30.Rd1 Qe2
31.Rc1 Rc2 32.Rxc2 Qxc2 33.b4 Qb3 34.Qe1 Qb2 35.h3 Kf8 36.Kh1 h5 37.f4 Ke8
38.Kh2 Kd7 39.Kg3 Kc6 40.Kf3 Kb5 41.Qf1+ Kb6 42.Qe1 Kb5 43.Qf1+ Kb6  1/2-1/2

[Event "83rd ch-FRA National B"]
[Site "Pau FRA"]
[Date "2008.08.19"]
[Round "8"]
[White "Kosten,A"]
[Black "Prie,E"]
[Result "1/2-1/2"]
[WhiteElo "2507"]
[BlackElo "2526"]

1.c4 c6 2.e4 d5 3.exd5 cxd5 4.d4 Nf6 5.Nc3 Nc6 6.Nf3 Bg4 7.cxd5 Nxd5 8.Qb3 Bxf3
9.gxf3 Nb6 10.Be3 e6 11.Rg1 g6 12.O-O-O Be7 13.d5 exd5 14.Nxd5 Nxd5 15.Rxd5 Qc7
16.Qc3 O-O 17.Bh6 Bf6 18.Qxf6 Nd4+ 19.Kd2 Qc2+ 20.Ke3 Qc1+ 21.Ke4 Rfe8+ 22.Re5 Qe3+
23.Kxe3 Rf8 24.Rd5 Rfe8+ 25.Re5 Rxe5+ 26.Qxe5  1/2-1/2

[Event "3rd NH"]
[Site "Amsterdam NED"]
[Date "2008.08.20"]
[Round "1"]
[White "Agdestein,S"]
[Black "Cheparinov,I"]
[Result "1/2-1/2"]
[WhiteElo "2583"]
[BlackElo "2687"]

1.c4 c6 2.e4 d5 3.exd5 cxd5 4.d4 Nf6 5.Nc3 e6 6.Nf3 Be7 7.cxd5 Nxd5 8.Bd3 Nc6
9.O-O O-O 10.Re1 Bf6 11.Be4 Nce7 12.Ne5 Nc6 13.Nf3 Nce7 14.Ne5 Ng6 15.Qf3 Nde7
16.Bxb7 Bxb7 17.Qxb7 Qxd4 18.Nd7 Rfd8 19.Rd1 Qc4 20.Nxf6+ gxf6 21.Be3 Qc6
22.Qxc6 Nxc6 23.f4 Nge7 24.Bc5 a5 25.a3 Nd5 26.Nxd5 exd5 27.Rd2 Rd7 28.Rad1 Rad8
29.b4 axb4 30.axb4 Rb8 31.Rxd5 Rxd5 32.Rxd5 Nxb4 33.Rd6 Rb5 34.Bxb4 Rxb4
35.Rxf6 Kg7 36.Rf5 h6 37.Kf2 Kg6 38.g4 Rb2+ 39.Kg3 Rb3+ 40.Kg2 Rb2+ 41.Kg3 Rb3+
42.Kg2 Rb2+ 43.Kg3  1/2-1/2

[Event "5th DA Tan Malaysian Open"]
[Site "Kuala Lumpur MAS"]
[Date "2008.08.20"]
[Round "5"]
[White "Bitoon,R"]
[Black "Yee Soon Wei"]
[Result "1-0"]
[WhiteElo "2439"]
[BlackElo "2278"]

1.c4 c6 2.e4 d5 3.exd5 cxd5 4.cxd5 Nf6 5.Qa4+ Nbd7 6.Nc3 g6 7.Qb3 Bg7 8.Bc4 O-O
9.Nf3 Nc5 10.Qa3 b6 11.O-O Bb7 12.d4 Nce4 13.Nxe4 Nxe4 14.Re1 Nd6 15.Bb3 Rc8
16.Bg5 Re8 17.Ne5 h6 18.Bf4 Nf5 19.d6 Nxd6 20.Nxg6 Nf5 21.Ne5 e6 22.Rad1 a5
23.Ba4 Qd5 24.Qh3 Red8 25.Bb3 Qd6 26.Nxf7 Qxf4 27.Nxd8 Rxd8 28.Bxe6+ Kh8
29.Qxf5 Qh4 30.Qg6 Bxd4  1-0

[Event "23rd Open"]
[Site "Schwarzach AUT"]
[Date "2008.08.20"]
[Round "5"]
[White "Franciskovic,B"]
[Black "Puerckhauer,S"]
[Result "1-0"]
[WhiteElo "2251"]
[BlackElo "2142"]

1.c4 c6 2.e4 e5 3.Nf3 Bc5 4.Nxe5 Qe7 5.Nf3 Qxe4+ 6.Be2 Nf6 7.O-O O-O 8.d4 Bb6
9.Nc3 Qe7 10.Re1 d6 11.Bd3 Qd8 12.h3 d5 13.Qb3 h6 14.Bf4 dxc4 15.Bxc4 Bf5
16.Rad1 Nh5 17.Bxb8 Rxb8 18.g4 Bg6 19.gxh5 Bxh5 20.Ne4 Ba5 21.Re3 b5 22.Bf1 Kh8
23.Ng3 Bxf3 24.Rxf3 Bb6 25.Rxf7 Rxf7 26.Qxf7 Bxd4 27.Bd3 Qg5 28.Qg6 Qxg6
29.Bxg6 Bxb2 30.Rd7 a5 31.Rc7 a4 32.Rxc6 b4 33.Ra6 a3 34.Kg2 Kg8 35.Nf5 Kf8
36.Ra7 Bc3 37.Kf3 Be5 38.Ra6 b3 39.axb3 Rxb3+ 40.Ke4 Bb8 41.Rc6 Rb4+ 42.Kd3  1-0

[Event "83rd ch-FRA National B"]
[Site "Pau FRA"]
[Date "2008.08.21"]
[Round "10"]
[White "Govciyan,P"]
[Black "Benitah,Y"]
[Result "0-1"]
[WhiteElo "2411"]
[BlackElo "2416"]

1.c4 c6 2.e4 d5 3.cxd5 cxd5 4.exd5 Nf6 5.Qa4+ Bd7 6.Qb3 Na6 7.d4 Qb6 8.Bc4 Rc8
9.Ne2 Qb4+ 10.Nd2 Ne4 11.Bxa6 Rxc1+ 12.Rxc1 Qxd2+ 13.Kf1 Qxc1+ 14.Nxc1 Nd2+
15.Ke2 Nxb3 16.Bxb7 Nxd4+ 17.Ke3 Nf5+ 18.Kd3 Bb5+ 19.Kd2 g6 20.Nd3 Bh6+  0-1

[Event "23rd Open"]
[Site "Schwarzach AUT"]
[Date "2008.08.21"]
[Round "6"]
[White "Semcesen,D"]
[Black "Smith,Ax"]
[Result "1/2-1/2"]
[WhiteElo "2387"]
[BlackElo "2427"]

1.c4 c6 2.e4 e6 3.d4 d5 4.e5 Ne7 5.Nc3 b6 6.Nf3 Nd7 7.Bd3 dxc4 8.Bxc4 Nd5
9.O-O Nxc3 10.bxc3 Be7 11.Qe2 Bb7 12.Rd1 O-O  1/2-1/2

[Event "X Sants Open"]
[Site "Barcelona ESP"]
[Date "2008.08.22"]
[Round "1"]
[White "Narciso Dublan,M"]
[Black "Bardera Gil,S"]
[Result "1-0"]
[WhiteElo "2525"]
[BlackElo "2101"]

1.c4 c6 2.Nf3 d5 3.e3 Nf6 4.Nc3 e6 5.Qc2 Bd6 6.d4 Nbd7 7.b3 O-O 8.Be2 e5
9.cxd5 cxd5 10.Nb5 Bb4+ 11.Bd2 Bxd2+ 12.Nxd2 e4 13.Qc7 a6 14.Qxd8 Rxd8 15.Nc3 Nb8
16.b4 Nc6 17.a3 b5 18.Nb3 Ne8 19.Nc5 f5 20.Kd2 Ra7 21.a4 Rd6 22.axb5 Nxb4
23.Rhb1 a5 24.Rxb4 axb4 25.Rxa7 bxc3+ 26.Kxc3 Rb6 27.Ra8 Nd6 28.Na4 Rb7 29.b6  1-0

[Event "44th Rubinstein Mem Open A"]
[Site "Polanica Zdroj POL"]
[Date "2008.08.22"]
[Round "4"]
[White "Jaroch,P"]
[Black "Litwin,J"]
[Result "1-0"]
[WhiteElo "2255"]
[BlackElo "2181"]

1.c4 c6 2.d4 d5 3.Nc3 Nf6 4.Nf3 dxc4 5.a4 Bf5 6.Ne5 Nbd7 7.Nxc4 Qc7 8.g3 e5
9.dxe5 Nxe5 10.Bf4 Nfd7 11.Bg2 g5 12.Ne3 gxf4 13.Nxf5 O-O-O 14.Qc2 Nc5 15.O-O fxg3
16.hxg3 a5 17.Rac1 h5 18.Ne4 Nxe4 19.Qxe4 Bb4 20.Rfd1 Rhe8 21.Ng7 Re7 22.Qf5+ Kb8
23.Qxh5 Red7 24.Rxd7 Rxd7 25.Ne8 Qd8 26.Qxe5+ Ka8 27.Nf6 Re7 28.Qf4 Rxe2
29.Ne4 Qd7 30.Qf6 Qd3 31.Rxc6 Rxe4 32.Bxe4 Qxe4 33.Rc8+ Ka7 34.Qxf7 Qb1+
35.Kg2 Qxb2 36.Qe8 Qf6 37.Qe3+  1-0

[Event "23rd Open"]
[Site "Schwarzach AUT"]
[Date "2008.08.22"]
[Round "7"]
[White "Franciskovic,B"]
[Black "Hager,J"]
[Result "1/2-1/2"]
[WhiteElo "2251"]
[BlackElo "2128"]

1.c4 c6 2.e4 d5 3.exd5 cxd5 4.cxd5 Nf6 5.Nc3 Nxd5 6.Nf3 Nc6 7.Bb5 Nxc3 8.bxc3 Qd5
9.Be2 e5 10.O-O e4 11.Ne1 Bd6 12.d4 exd3  1/2-1/2